[Event "Warsaw Najdorf Memorial"]
[Site "Warsaw"]
[Date "2008.08.03"]
[Round "2"]
[White "Sasikiran, Krishnan"]
[Black "Rozentalis, Eduardas"]
[Result "1-0"]
[WhiteElo "2684"]
[BlackElo "2599"]
[Annotator "Sasikiran,K"]
[PlyCount "103"]
[EventDate "2008.08.02"]
[EventType "tourn"]
[EventRounds "9"]
[EventCountry "POL"]
[EventCategory "15"]
[SourceTitle "CBM 126"]
[Source "ChessBase"]
[SourceDate "2008.10.01"]
[SourceVersion "1"]
[SourceVersionDate "2008.10.01"]
[SourceQuality "1"]

1. e4 Nf6 2. e5 Nd5 3. d4 d6 4. Nf3 dxe5 5. Nxe5 c6 6. Be2 {My preparations
for the game were mainly based on the games of the World Blitz Championship
played last year at Moscow.} Nd7 (6... Bf5 7. O-O Nd7 8. Nf3 e6 9. a3 Be7 10.
c4 N5f6 11. Nc3 h6 12. Bf4 O-O 13. d5 $1 $14 {1-0 Rublevsky,S (2676)-Carlsen,M
(2714)/Moscow 2007/EXT 2008 (50)}) 7. Nf3 N7f6 8. O-O Bg4 (8... Bf5 9. Nh4 Bg6
10. c4 Nb6 11. Nc3 e6 12. g3 Be7 13. Be3 Qc7 14. Nxg6 hxg6 15. Qb3 $14 {
1-0 Anand,V (2799)-Carlsen,M (2733)/Nice FRA 2008/The Week in Chess 698 (47)})
9. Ne5 Bxe2 10. Qxe2 e6 11. c4 Ne7 12. Rd1 Ng6 13. Nc3 Qc7 14. g3 $5 {
Preparing to disturb the knight on with h4-h5 in case Black castles kingside.
After the exchange of light coloured bishops, White need not be afraid of
creating weaknesses around his own king.} (14. Bg5 Bd6 15. f4 O-O (15... O-O-O
16. c5 Bxe5 17. fxe5 h6 18. Bxf6 gxf6 19. exf6 Rhg8 20. g3 Nh4 21. Rd3 Nf5 22.
Rad1 $14) 16. g3 {leaves the bishop in front of the pawn chain( prone to
getting trapped). Nevertheless White may claim a small edge due to the space
available for manoeuvring.} Ne8 $5 $14) 14... Be7 $6 ({It was stronger to
attack e5 immediately.} 14... Bd6 15. Nxg6 hxg6 16. d5 O-O $1 (16... O-O-O 17.
Be3 $1 $14) 17. Be3 $5 (17. dxe6 Rae8 18. exf7+ Qxf7 19. Be3 (19. Qf1 Bb4 20.
f3 Nd7 $132) 19... Bc5 20. Re1 (20. Kg2 Re5 21. Rf1 Rfe8 22. Nd1 Qe6 $44) 20...
g5 $5 {preparing Nd7-e5 with excellent compensation for the pawn.}) 17... exd5
18. cxd5 Rfe8 (18... Rae8 19. dxc6 bxc6 20. Qf3 Re6 21. Rac1 $14) 19. dxc6 Qxc6
20. Qb5 Qxb5 21. Nxb5 Be5 22. Nd6 Bxd6 (22... Re7 23. Nc4 Ng4 24. Nxe5 Rxe5 25.
Bd4 Re2 26. h3 Nf6 27. Rac1 $14) 23. Rxd6 Ng4 24. Bd4 $14) 15. h4 (15. Bg5 $5)
15... O-O (15... Nxe5 16. dxe5 Nd7 17. Bf4 O-O 18. Ne4 $1 Rfd8 (18... Nxe5 $2
19. Ng5 Bxg5 20. Bxe5 $18) 19. Nd6 $14 h6 20. Qg4 Kf8 21. Rd3 Bxd6 22. Rxd6)
16. Bg5 $1 Rae8 (16... Rfd8 $142 17. h5 Nxe5 18. dxe5 Ne8 19. Bf4 h6 20. Ne4 c5
$14) 17. Rd2 ({The attempt to drive the knight to the corner after} 17. Bxf6
Bxf6 18. Ng4 Bd8 19. h5 {does not work} Nh8 20. h6 (20. Ne5 f5) {because of}
20... f5 $1 $132) (17. h5 $5 Nxe5 18. dxe5 Nd7 19. Bxe7 (19. Bf4 h6) 19... Rxe7
20. Rd6 f6 21. exf6 Nxf6 22. Rad1 $14 (22. Rxe6 Rxe6 (22... Rfe8 23. Rxe7 Rxe7
24. Qf3 h6 25. Kg2 Qb6 26. b3 Qa5 27. Rh1 Re5 28. Rd1 $14) 23. Qxe6+ Qf7 24.
Qxf7+ Kxf7 25. Rd1 Re8 26. h6 gxh6 27. f3 $14)) 17... a6 (17... c5 18. Nb5 $1
Qa5 19. Bxf6 Bxf6 20. Nd7 cxd4 21. Nxf8 Rxf8 22. Nxd4 $16) 18. Rad1 $6 {
Routine development. White overlooks an important detail: Black can now play
c5 without fearing h5 because of a tactical trick.} (18. h5 $1 Nxe5 19. dxe5
Nd7 20. Rad1 $1 (20. Bf4 $5) 20... Bxg5 (20... Nxe5 21. Bf4 f6 22. Rd7 $1 Qc8 (
22... Qb6 23. Bxe5 fxe5 24. Ne4 Rf7 25. h6 $1 $18) 23. Bxe5 fxe5 24. h6 Rf5 25.
Ne4 $16) 21. Rxd7 Qb8 22. f4 Be7 (22... Bh6 23. Qd2 $16) 23. h6 $1 g6 (23... f5
24. exf6 Rxf6 25. hxg7) 24. Ne4 $16) 18... c5 $1 19. Nxg6 (19. h5 $2 Nxh5 $1
20. Qxh5 (20. Nxg6 hxg6 21. Bxe7 Rxe7 $15) 20... cxd4 $15) 19... hxg6 20. Bf4
Bd6 $6 {Black wants to exchange pieces to relieve the cramped position.
However precisely at this moment, White has a favourable transition to the
endgame.} (20... Qc8 {was necessary.} 21. dxc5 (21. d5 exd5 22. cxd5 Bd6 23.
Qf3 (23. Bxd6 Rxe2 24. Rxe2 Re8 25. Be7 {The queen sacrifice which I was
considering over the board is too optimistic.} {Black has the very strong} Qh3
{threatening Ng4} 26. Bxf6 Rxe2 27. Nxe2 gxf6 28. Nc3 (28. d6 Qd7 29. Nc3 f5
30. b3 b5 $1) 28... f5 29. d6 f4 30. gxf4 Qd7 31. Kh2 f5 32. b3 b5 $17 {
covering all the entry points of the knight. Black now brings over his king in
front of the d-pawn and wins with the mobility of the queen.}) 23... Qd7 $11)
21... Qxc5 22. Ne4 Nxe4 23. Qxe4 b5 24. cxb5 Qxb5 25. b3 $14 {White retains a
minimal edge because of the queenside majority. However in comparison, Black's
position has improved a lot over the last few moves.}) (20... Qc6 $6 21. d5
exd5 22. cxd5 Qc8 23. Qf1 $3 Qd7 24. d6 Bd8 25. Qc4 Bb6 26. Na4 $16) 21. Bxd6
Qxd6 22. Qe5 $5 Qxe5 23. dxe5 Ng4 24. Re2 Rd8 25. Rxd8 Rxd8 26. f3 $5 ({
Perhaps the prophylactic} 26. Kg2 $5 {was stronger. White defends the
f3-square and prepares to invade Black's queenside with Na4. Although Black's
plan of bringing the king to e7 and breaking with f6 should give enough
counterplay. For example} Kf8 27. f3 Nh6 28. g4 Ke7 29. Na4 Rc8 30. Kg3 f6 $14)
26... Nh6 27. g4 Rd4 28. Re4 Rd2 (28... Kf8 29. Rxd4 (29. Kf2 $5) 29... cxd4
30. Ne2 d3 31. Nc3 f6 (31... f5 32. g5 Ng8 33. f4 Ne7 34. Kf2 Nc6 35. Ke3 $18)
32. exf6 gxf6 33. Kf2 Nf7 34. b3 Ne5 35. g5 fxg5 36. hxg5 d2 37. Ke2 Ke7 38. f4
Nf7 39. Kxd2 e5 40. Ke3 $16) 29. Na4 b5 (29... b6 $6 30. b3 Rxa2 31. Nxb6 Ra5 {
Otherwise Na4 picks up the c5-pawn.} 32. Re3 (32. Na4 Kf8 33. Re3 Ke7 34. Kf2
f6 $1 $14) 32... Kf8 33. Kf2 $1 {Improving the position of the king before
moving to the d-file.} Ke8 (33... Ke7 34. Rd3 f6 35. Rd7+ Kf8 36. exf6 gxf6 37.
Rc7 $18) 34. Rd3 Ng8 35. Na4 $5 $18 {finally trapping the rook and intending
Rd6-c6 (or b6) winning material.}) 30. cxb5 (30. Nxc5 Rxb2 31. Nxa6 bxc4 32.
Rxc4 Rxa2 33. Rc8+ Kh7 34. Nc5 Rc2 35. Rc7 Ra2 (35... Ng8 36. Nxe6 Rxc7 37.
Nxc7 Ne7 38. Kf2 $18) 36. Ne4 Ra8 {and it is not clear whether White has any
advantage, considering that pawns are on one side of the board and Black has
only one weakness(f7) to protect}) 30... axb5 31. Nxc5 Rxb2 32. Rd4 $1 Rxa2 $2
{The decisive mistake.} (32... Kf8 $142 $1 {was much stronger and king is not
boxed in at h7.} 33. Rd8+ Ke7 34. Rd7+ Kf8 35. Ra7 Re2 $5 36. Kf1 Rd2 {It is
not clear how White can profit from his active knight.} 37. Ra5 Ke7 38. a3 Ra2
39. Ne4 (39. Rxb5 Rxa3 40. Kf2 Ra7) 39... Kd7 40. Rxb5 (40. Nd6 Kc6 $1) 40...
Rxa3 41. Kg2 $14) 33. Rd8+ Kh7 34. Ne4 f6 (34... g5 35. Nxg5+ (35. h5 $2 g6 $11
) 35... Kg6 36. Ne4 f5 37. exf6 gxf6 38. h5+ Kg7 39. Rd7+ $18) 35. exf6 gxf6
36. Rd7+ Kg8 37. Nxf6+ Kf8 38. Nh7+ $1 {Gaining time to reach the time control
on move 40.} Ke8 39. Nf6+ Kf8 40. Rb7 $1 Re2 (40... Nf7 41. Rxb5 Kg7 42. Ne4
$16) 41. Rxb5 $6 {A technical error.} (41. Nh7+ Ke8 (41... Kg8 42. h5 gxh5 43.
g5 Nf5 44. g6 $18) 42. Ng5 $18 {controls the knight on h6 and White can pick
up the pawns at leisure.}) (41. h5 gxh5 42. g5 Nf5 43. g6 Ne7 44. Rxe7 Kxe7 45.
g7 Kxf6 46. g8=Q $18 {was another winning line and a much easier one than the
game!}) 41... Ke7 (41... Nf7 42. Ne4 Nd8 $16 {would have offered more
resistance, though White should win in the end, considering Black's broken
pawn structure and restricted knight.}) 42. Rb7+ $1 Kxf6 43. g5+ Ke5 44. gxh6
Rd2 45. h7 Rd8 46. Rf7 $1 {Standard technical measure in rook & pawn endgames.
Cutting off the king.} Rh8 47. Kf2 Kd6 48. Kg3 e5 49. h5 $5 (49. Rg7 Ke6 50.
Rxg6+ Kf7 51. Rh6 Kg7 52. Rh5 Kg6 53. Kg4 Kf6 54. Rh6+ Kg7 55. Kg5 Kf7 56. Rf6+
Kg7 57. Rg6+ Kf7 58. Kh6 $18) 49... gxh5 (49... g5 50. Rg7 Ke6 51. Kg4 Kf6 52.
h6 Ke6 53. Kxg5 $18) 50. Kh4 Ke6 51. Ra7 Rf8 (51... Kf6 52. Kxh5 Rb8 53. Kh6
Rd8 54. Rg7 Rd1 55. Rg6+ (55. Rg1 $5 Rxg1 56. h8=Q+ $18) 55... Kf7 56. Rf6+ Ke7
57. Kg7 $18) 52. Rg7 1-0

[Event "Canadian op"]
[Site "Edmonton"]
[Date "2009.07.17"]
[Round "7"]
[White "Adams, Michael"]
[Black "Zhao, Xue"]
[Result "1-0"]
[WhiteElo "2699"]
[BlackElo "2544"]
[Annotator "Shabalov,A"]
[PlyCount "87"]
[EventDate "2009.07.11"]
[EventType "swiss"]
[EventRounds "9"]
[EventCountry "CAN"]
[SourceTitle "CBM 132 Extra"]
[Source "ChessBase"]
[SourceDate "2009.11.03"]
[SourceVersion "1"]
[SourceVersionDate "2009.11.03"]
[SourceQuality "1"]

1. e4 Nf6 2. e5 Nd5 3. d4 d6 4. Nf3 dxe5 5. Nxe5 c6 6. Be2 Bf5 7. O-O Nd7 {#}
8. Bg4 $1 {This is the move to remember from this game. The exchange of the
light square bishops leads to a position where Black lacks any counterplay.} (
8. Nf3 {was White's automatic choice before this game.}) 8... Bxg4 9. Qxg4 {
White improves on the visibly unnatural move by the author of "Chess
Kamasutra". Mike was always a man of tradition.} (9. Nxg4 e6 10. c4 N5f6 11.
Nc3 Nxg4 12. Qxg4 Nf6 13. Qh4 Be7 14. Rd1 Qa5 15. Qg3 Rd8 16. Bf4 Qf5 17. Bc7
Rd7 18. Bb8 O-O 19. Bxa7 b5 20. Bb6 bxc4 21. a4 Bd6 22. Qf3 Qxf3 23. gxf3 Nd5
24. Bc5 Bxc5 25. dxc5 Rb7 26. Rd2 Ra8 27. a5 Rba7 28. Ra4 Rxa5 29. Rxc4 Ra1+
30. Kg2 Ne7 31. Rcd4 Nd5 32. Nxd5 exd5 33. Rb4 Rc1 34. Rb6 Rxc5 35. b4 Rc4 36.
b5 cxb5 37. Rxd5 g6 38. Rdxb5 Kg7 39. Rb7 Ra6 40. Rb4 Rc5 41. R4b5 Rcc6 42. Rb4
Rf6 43. Kg3 Rac6 44. Rf4 Rxf4 45. Kxf4 Rc1 46. h4 Rg1 47. Rb4 Rg2 48. Ke3 Rh2
49. Rf4 Rh1 50. Ra4 Kh6 51. Rb4 f5 52. Ra4 Kh5 53. Ra7 h6 54. Kf4 Kxh4 55. Rg7
Rg1 56. Ke5 Kh3 57. f4 h5 58. Kf6 h4 59. Rh7 Rg4 60. f3 Rg3 61. Rh6 Rxf3 62.
Kxg6 Kg4 63. Rh5 Rxf4 64. Rg5+ Kf3 65. Rh5 Kg3 66. Kg5 Rb4 67. Kf6 h3 68. Rg5+
Rg4 69. Rxf5 Rf4 {0-1 Pogonina,N (2429)-Zhao Xue (2500)/ Krasnoturinsk 0-1
Pogonina,N (2429)-Zhao Xue (2500)/ Krasnoturinsk}) 9... e6 (9... Nxe5 10. dxe5
Qd7 11. Qe2 O-O-O $5 {was the only chance to radically change the situation on
the board}) 10. Rd1 N5f6 11. Qe2 Be7 12. c4 O-O 13. Nc3 Re8 {Eventually Black
just suffocates.} 14. Rd3 Nf8 15. Bf4 Qb6 16. Rad1 Rad8 17. b3 Qa6 18. h4 N6d7
19. h5 Nxe5 20. Bxe5 f6 21. Bf4 Qa5 22. Ne4 Rd7 23. Rg3 f5 {Now Black loses on
the dark squares, but the 24. Qg4 threat was too strong} 24. Be5 Bh4 25. Nf6+
Bxf6 26. Bxf6 Rf7 27. Be5 Nd7 28. Bf4 e5 {Black doesn't want to die a slow
death, but if you have to give a pawn like this to Mike you may resign just as
well} 29. dxe5 Nc5 30. Re3 Ne6 31. g3 Qc7 32. Red3 h6 33. Rd6 Kh7 34. Qf3 Qe7
35. Kg2 Qc7 36. b4 Qc8 37. a4 Rfe7 38. Qd3 Rf8 39. Be3 Kg8 40. f4 a6 41. Bc5
Nxc5 42. bxc5 Qe8 43. Qe2 Qf7 44. Rg6 1-0

[Event "Canadian op"]
[Site "Edmonton"]
[Date "2009.07.13"]
[Round "3"]
[White "Shirov, Alexei"]
[Black "Piasetski, Leon David"]
[Result "1-0"]
[WhiteElo "2732"]
[BlackElo "2406"]
[Annotator "Shabalov,A"]
[PlyCount "97"]
[EventDate "2009.07.11"]
[EventType "swiss"]
[EventRounds "9"]
[EventCountry "CAN"]
[SourceTitle "CBM 132 Extra"]
[Source "ChessBase"]
[SourceDate "2009.11.03"]
[SourceVersion "1"]
[SourceVersionDate "2009.11.03"]
[SourceQuality "1"]

1. e4 Nf6 2. e5 Nd5 3. d4 d6 4. Nf3 dxe5 5. Nxe5 c6 6. c4 Nf6 {One of those
countless opening variations which discusses a question of how big of the
advantage white is going to get. And Alexey already demonstrated us that he is
not going to go crazy in order to punish his opponents for their opening
choices.} 7. Nc3 Nbd7 8. Qe2 g6 9. g3 Bg7 10. Bg2 O-O 11. O-O Nxe5 12. dxe5 Ng4
13. Bf4 Qa5 14. Rfe1 g5 {An Interesting alternative to this action move} (14...
Bh6 {might have seemed too exotic for Leon}) 15. Bxg5 Nxe5 16. Ne4 {It is hard
not to play this move, but objectively} (16. Bxe7 Re8 17. Bh4 Bg4 18. Qc2 {
was stronger because of the weak f6 square.}) 16... Re8 17. Bd2 Qb6 18. Bc3 Bf5
19. Bxe5 Bxe5 20. Qh5 e6 21. g4 Bxe4 22. Qxe5 $6 {Either Alexey changed his
mind during this tactical exchange or just continues with his += strategy, but}
(22. Bxe4 Bd4 23. Qxh7+ Kf8 24. Re2 Rad8 (24... Ke7 25. Bg6 Rf8 26. Rae1) 25.
Kg2 {reminds a lot of his game against Jakovenko from Foros tournament last
year. I mean he knows how to win such a position.}) 22... Bxg2 23. Kxg2 Rad8
24. Rad1 c5 25. b3 Kf8 26. Kg3 Rd4 27. Rxd4 cxd4 28. Rd1 $6 {This complicates
matters a little.Rook lift would decide immediately} (28. Re4 Rd8 29. Rf4 $18)
28... Rd8 29. Rd3 Qd6 30. f4 Qa3 31. f5 {#} Qd6 $2 {Returning the favor.} (
31... exf5 32. gxf5 Qd6 33. Qxd6+ Rxd6 34. Kf4 Ke7 35. Ke5 Rh6 36. h3 Ra6 37.
a4 Ra5+ 38. Ke4 Kf6 {might be problematic to win.}) 32. Kf4 {Now White is back
in control.} exf5 33. Qxd6+ Rxd6 34. Kxf5 Re6 35. Rxd4 Re2 36. Rd7 Rxh2 37. a4
Rf2+ 38. Ke4 Re2+ 39. Kf5 Rf2+ 40. Ke4 Re2+ 41. Kf3 Re7 42. Rxe7 Kxe7 43. b4 a5
44. bxa5 Kd6 45. Ke4 Kc5 46. Kd3 Kb4 47. a6 bxa6 48. Kd4 Kxa4 49. c5 1-0

[Event "Olympiad-31"]
[Site "Moscow"]
[Date "1994.12.11"]
[Round "10.2"]
[White "Kveinys, Aloyzas"]
[Black "Speelman, Jonathan S"]
[Result "0-1"]
[WhiteElo "2510"]
[BlackElo "2600"]
[Annotator "Speelman,J"]
[PlyCount "144"]
[EventDate "1994.12.01"]
[EventType "team-swiss"]
[EventRounds "14"]
[EventCountry "RUS"]
[SourceTitle "CBM 045"]
[Source "ChessBase"]
[SourceDate "1995.04.01"]
[SourceVersion "1"]
[SourceVersionDate "1995.04.01"]
[SourceQuality "1"]
[WhiteTeam "Lithuania"]
[BlackTeam "England"]
[WhiteTeamCountry "LTU"]
[BlackTeamCountry "ENG"]

1. e4 d6 2. d4 Nf6 3. Nc3 g6 4. Bc4 Bg7 5. Qe2 Nc6 6. e5 Nd7 7. Nf3 Nb6 8. Bb3
$5 (8. Bb5) 8... O-O 9. h3 Na5 (9... dxe5 10. dxe5 Nd4 11. Nxd4 Qxd4 12. f4)
10. O-O h6 $5 11. Ne4 Nxb3 12. axb3 f6 (12... f5) 13. c4 fxe5 14. dxe5 Nd7 $5 (
14... Qe8) (14... g5 $5) 15. Bd2 (15. Be3 b6 16. Qd2 Bb7 17. Bxh6 Bxe4 18. Bxg7
Kxg7 19. Ng5 Bf5 20. g4 Nxe5 $1 21. gxf5 (21. f4 Nf7 22. gxf5 Nxg5 $13) 21...
Rxf5 22. f4 Rxg5+ 23. fxg5 Qd7) 15... b6 $6 (15... Nxe5 16. Nxe5 Bxe5 17. Bxh6
{xg5}) (15... Rxf3 $5 16. Qxf3 Nxe5) 16. e6 $1 (16. Bc3) 16... Nf6 17. Nxf6+
Rxf6 18. Nd4 Bb7 (18... c5 19. Qe4 $1 Rb8 20. Nc6 Bb7 21. Rxa7 $1 Bxc6 $6 (
21... Qc7 22. Nxb8) (21... Qe8 22. Rxb7 Rxb7 23. Nb4 $16) 22. Qxc6 Rxe6 $2 23.
Qd5 $1) 19. Bc3 $1 a6 20. f4 $5 (20. Nc2) 20... Qf8 21. Nc2 c5 $1 (21... Rxf4
22. Rxf4 Qxf4 23. Bxg7 Kxg7 24. Rf1) 22. Bxf6 $5 (22. b4 cxb4 23. Nxb4 Rxf4 {
and it's less clear here eg:} 24. Rxf4 Qxf4 25. Rf1 Bd4+ 26. Kh1 Qe5 27. Qg4
Bxc3 28. bxc3 Rf8 29. Qxg6+ Qg7) 22... Qxf6 23. Rab1 (23. b4) 23... Rf8 (23...
a5 24. Na3 $1 {intending Nb5-c3-d5}) 24. b4 Qf5 25. Kh2 (25. bxc5 Be4 26. g4 $2
Qxc5+) 25... Qe4 $1 (25... Be4 $2 26. g4 $1 Qxe6 27. Rbe1 $18) 26. Rbe1 Rxf4
27. Qxe4 Rxe4 28. bxc5 (28. Rxe4 Bxe4 29. Ne3 cxb4 30. Rf7 (30. b3 a5 (30... h5
) 31. Rf7 Bf8 (31... Bf8 $5 32. Nd5 $2 (32. h4) 32... Bxd5 33. cxd5 b5 34. Rf2
(34. h4 g5 $1 35. hxg5 hxg5 36. Rf5 a4 37. Rxg5+ Bg7 $19) 34... Bg7 35. Ra2 a4
36. bxa4 b3 $19)) 30... Bxb2 31. Rxe7 Be5+ 32. g3 b3 {Black is first.}) 28...
Rxc4 29. Ne3 (29. cxd6 Rxc2 30. Rg1 exd6 31. e7 Bc6 32. e8=Q+ Bxe8 33. Rxe8+
Kf7 34. Ra8 Be5+ 35. Kh1 a5 $17) 29... Rxc5 30. b4 $1 (30. Rf7 Rc7 31. Ref1 h5
$1 (31... d5 $2 32. Ng4 d4 33. Rxg7+ Kxg7 34. Rf7+ Kg8 35. Nf6+) 32. h4 (32. g4
Be5+ 33. Kg1 Bd4 34. Kf2 hxg4 35. hxg4 Bd5) 32... d5 $1) 30... Re5 (30... Rc7
$2 31. Rc1 $1) 31. Nc4 Rg5 32. Re2 {time trouble} (32. g3) (32. g4 $2 Bd5 33.
Nxd6 Be5+) 32... Bd5 33. Rf4 $5 (33. Nxb6 Be5+ (33... Re5 $1 34. Rc2 Bxe6) 34.
Rxe5 Rxe5 35. Nxd5 Rxd5 36. Rf7 $10) 33... b5 34. Nb6 (34. h4 $5 Bxc4 $5 (34...
Rh5 35. Nb6 Bb3 36. Nc8 Re5 $1) 35. Rxc4 bxc4 36. hxg5 d5 (36... c3 $2 37. Kg3
d5 38. Kf3 d4 39. Ke4 $18) 37. gxh6 $5 (37. Kg3) 37... Bf6 $13 {This is very
messy.} (37... Bxh6 $5 38. Rc2 Kg7 39. Kg3 Kf6) 38. Kg3 $1 (38. Kg1 c3 39. Kf1
d4) (38. Rf2 Be5+ 39. g3 c3 40. h7+ Kxh7 41. Rf7+ Kh6 42. Rxe7 c2) 38... d4 39.
Kf3 (39. Rf2 $2 c3 40. Rxf6 c2) 39... d3 40. Re1 $1 (40. Rd2 Bg5 41. Rd1 c3 $19
) 40... Bc3 $1 (40... c3 41. Ke3 d2 42. Rf1 (42. Rh1) 42... Kh7 (42... d1=Q 43.
Rxd1 c2 44. Rd8+ Kh7 45. Kd2 Bc3+ 46. Kxc2 Bxb4) 43. Kd3 Kxh6 44. Kc2 Be5) 41.
Rb1 Kh7) 34... Bb3 35. Nd7 $2 {time trouble} (35. Nc8 $1 Re5 (35... Be5 36.
Nxe7+ Kg7 37. Rxe5 dxe5 (37... Rxe5 38. Rf7+ Kh8 39. Nxg6+) 38. Rf7+ Kh8 {
White has perpetual but no more I think.}) 36. Nxe7+ Kh7 37. Rfe4 Bxe6) 35...
Rf5 $1 36. Rxf5 gxf5 37. Kg3 Bc4 38. Re3 Bd4 39. Ra3 Bxe6 40. Nb8 Be5+ $5 {
to reach the time control.} 41. Kf2 Kf7 $17 42. Nc6 Bb2 43. Rxa6 Bd5 44. Na7 $5
Bc3 45. Nxb5 Bxb4 46. Ra1 f4 $1 47. Rc1 (47. Kg1) 47... Bc5+ 48. Kf1 e5 $5 (
48... Bc6 49. Nc3 (49. Nd4 $5 Bxg2+ (49... Bb7 50. Nf3) 50. Kxg2 Bxd4) 49...
Kf6) (48... Kf6) 49. Nc3 Bc6 50. Ra1 $2 (50. Rb1) 50... Ke6 51. Rb1 Ba7 (51...
d5 $1 52. Rb8 d4) 52. Ra1 Bd4 53. Ra3 e4 54. Ne2 Bc5 55. Rb3 (55. Nxf4+ $2 Kf5
56. Ne2 Bxa3 57. Nd4+ Kf4 58. Nxc6 Ke3 $19) 55... Ke5 (55... f3 $5 56. gxf3
exf3 57. Ng3 (57. Ng1 f2 $1) 57... Bd5 $1) 56. Rb8 f3 57. gxf3 exf3 58. Ng3 Bd7
59. h4 $2 (59. Nh1 $3 $8 Bxh3+ 60. Ke1 $17 {Although Black still has excellent
winning chances, the blockade also gives White hope to survive.} h5 (60... Bg2
61. Nf2 Kd4 62. Rh8 Bb4+ 63. Kd1 Bf1 64. Rxh6 Be2+ 65. Kc1 Be1 $1 (65... Ke3
66. Nd1+ $1) 66. Rh4+ (66. Rxd6+ Ke5 67. Nd3+ Kxd6 68. Nxe1 f2) 66... Ke5 {
looks winning}) 61. Nf2 Bg4 62. Rf8 Bxf2+ $6 63. Kxf2 d5 64. Ra8 d4 65. Ra3 Ke4
66. Rb3 h4 67. Rb8 h3 68. Re8+ Kf4 69. Rd8 Ke4 70. Re8+ Kd3 71. Rg8 Bf5 72.
Kxf3 Be4+ 73. Kg3 Bg2 74. Kf2) 59... Bh3+ 60. Ke1 f2+ 61. Ke2 Kf4 62. Rg8 (62.
Rb3 Be6 63. Rc3 Bd4 64. Rf3+ Kg4 $19) (62. Nf1 Bg4+ 63. Kd3 Kf3 64. Nd2+ Kg2
65. h5 $1 (65. Rf8 h5 $19) 65... f1=Q+ 66. Nxf1 Kxf1 67. Rh8 Bxh5 68. Rxh6 Bf3
69. Kc4 {and Black should win but White can still fight.}) 62... Bg4+ 63. Rxg4+
Kxg4 64. Ne4 Kh3 65. Kf1 h5 {mutual zugzwang - Blcak to move can only draw I
think.} 66. Nf6 (66. Nxd6 Bxd6 67. Kxf2 Bc5+ $19) 66... Kxh4 67. Ne4 (67. Kg2
Kg5 68. Ne4+ Kf4 69. Nxd6 h4 $19) 67... Kh3 68. Nf6 h4 69. Ne4 Kh2 (69... Kg4
70. Nxd6 h3 71. Ne4 h2 72. Nxf2+ Kg3 73. Nh1+ Kh3 $19) 70. Nf6 Kg3 71. Ne4+ Kf4
72. Nxd6 h3 0-1